Tak dobří, že vás nepřehlédnou : vášeň je na nic, práci snů získáte díky dovednostem /
Praktické rady, jak nalézt zajímavé a naplňující zaměstnání.
Uloženo v:
| Hlavní autor: | |
|---|---|
| Další autoři: | |
| Médium: | E-audiokniha |
| Jazyk: | Czech |
| Vydáno: |
V Brně :
Jan Melvil Publishing,
2018
|
| Vydání: | Vydání první |
| Edice: | Žádná velká věda
|
| Témata: | |
| On-line přístup: | Plný text - pro registrované uživatele NK ČR |
| Tagy: |
Žádné tagy |
| LEADER | 04351nam a2200841 i 4500 | ||
|---|---|---|---|
| 001 | 313448 | ||
| 003 | CZ PrSKC | ||
| 005 | 20260601215743.0 | ||
| 007 | ta | ||
| 008 | 180409s2018 xr e f 001 0 cze | ||
| 015 | |a cnb002991332 | ||
| 020 | |a 9788075550460 |q (brožováno) | ||
| 035 | |a (OCoLC)1039831414 | ||
| 040 | |a OLA001 |b cze |d ABA001 |e rda | ||
| 041 | 1 | |a cze |h eng | |
| 072 | 7 | |a 331 |x Práce |2 Konspekt | |
| 080 | |a 331.54 |2 MRF | ||
| 080 | |a 331.101.3 |2 MRF | ||
| 080 | |a 005.966 |2 MRF | ||
| 080 | |a 331.546 |2 MRF | ||
| 080 | |a (0.062) |2 MRF | ||
| 100 | 1 | |a Newport, Cal, |d 1982- |7 utb2012715448 |4 aut | |
| 240 | 1 | 0 | |a So good they can't ignore you. |l Česky |
| 245 | 1 | 0 | |a Tak dobří, že vás nepřehlédnou : |b vášeň je na nic, práci snů získáte díky dovednostem / |c Cal Newport ; překlad Jan Šimral |
| 250 | |a Vydání první | ||
| 264 | 1 | |a V Brně : |b Jan Melvil Publishing, |c 2018 | |
| 300 | |a 232 stran ; |c 22 cm | ||
| 336 | |a text |b txt |2 rdacontent | ||
| 337 | |a bez média |b n |2 rdamedia | ||
| 338 | |a svazek |b nc |2 rdacarrier | ||
| 490 | 1 | |a Žádná velká věda | |
| 500 | |a Přeloženo z angličtiny | ||
| 500 | |a Terminologický slovník | ||
| 504 | |a Obsahuje bibliografické odkazy a rejstřík | ||
| 520 | 2 | |a Praktické rady, jak nalézt zajímavé a naplňující zaměstnání. |b Tápete v profesním životě? Nevíte, jaká práce by vám přinesla spokojenost a naplnění? Hlavně se při jejím hledání neřiďte omílanou radou, abyste „následovali svou vášeň“ a „dělali to, co milujete“. Cal Newport má lepší radu: pocit pracovního štěstí vám nepřinese „to pravé, vysněné zaměstnání“, ale vaše dovednosti a vaše žádanost na trhu práce. Kniha vyvrací desítky let opakované kariérní rady a ukazuje, že ideální zaměstnání si můžete, ba dokonce musíte vybudovat sami. A především vás naučí, jak se k němu postupnými kroky dopracovat. Nakladatelská anotace. Kráceno | |
| 650 | 0 | 7 | |a volba povolání |7 ph127220 |2 czenas |
| 650 | 0 | 7 | |a psychologie práce |7 ph115952 |2 czenas |
| 650 | 0 | 7 | |a rozvoj kariéry |7 ph162910 |2 czenas |
| 650 | 0 | 7 | |a profesní kompetence |7 ph136580 |2 czenas |
| 650 | 0 | 9 | |a vocational guidance |2 eczenas |
| 650 | 0 | 9 | |a psychology of work |2 eczenas |
| 650 | 0 | 9 | |a career development |2 eczenas |
| 650 | 0 | 9 | |a vocational qualifications |2 eczenas |
| 655 | 7 | |a populárně-naučné publikace |7 fd131864 |2 czenas | |
| 655 | 9 | |a popular works |2 eczenas | |
| 700 | 1 | |a Šimral, Jan |7 xx0191217 |4 trl | |
| 830 | 0 | |a Žádná velká věda | |
| 856 | 4 | 1 | |u https://www.bookport.cz/AccountSaml/SignIn/?idp=https%3A%2F%2Fshibboleth.nkp.cz%2Fidp%2Fshibboleth&returnUrl=/kniha/tak-dobri-ze-vas-neprehlednou-6905/ |y Plný text - pro registrované uživatele NK ČR |4 N |
| 900 | |a ABA001 |b 20 | ||
| 044 | |a xr | ||
| 505 | 0 | 0 | |t 01_Predmluva (25 min., 31 sek.) |
| 505 | 0 | 0 | |t 02_Nadseni_Steva_Jobse (15 min., 44 sek.) |
| 505 | 0 | 0 | |t 03_Nadseni_je_vzacne (17 min., 8 sek.) |
| 505 | 0 | 0 | |t 04_Nadseni_je_nebezpecne (13 min., 11 sek.) |
| 505 | 0 | 0 | |t 05_Srozumitelnost_mistra (26 min., 24 sek.) |
| 505 | 0 | 0 | |t 06_Sila_karierniho_kapitalu (31 min., 22 sek.) |
| 505 | 0 | 0 | |t 07_Karierni_kapitaliste (30 min., 58 sek.) |
| 505 | 0 | 0 | |t 08_Cesta_k_mistrovstvi_-_Cast_1 (32 min., 53 sek.) |
| 505 | 0 | 0 | |t 09_Muj_film (24 min., 59 sek.) |
| 505 | 0 | 0 | |t 10_Elixir_vysnene_prace (20 min., 4 sek.) |
| 505 | 0 | 0 | |t 11_Prvni_past_na_ceste_ke_kontrole (12 min., 35 sek.) |
| 505 | 0 | 0 | |t 12_Druha_past_na_ceste_ke_kontrole (22 min., 51 sek.) |
| 505 | 0 | 0 | |t 13_Vyhybani_se_pastem_na_ceste_ke_kontrole (18 min., 49 sek.) |
| 505 | 0 | 0 | |t 14_Smysluplny_zivot_Pardis_Sabetiove (15 min., 28 sek.) |
| 505 | 0 | 0 | |t 15_Mise_vyzaduji_kapital (26 min., 22 sek.) |
| 505 | 0 | 0 | |t 16_Mise_vyzaduji_male_sazky (28 min., 43 sek.) |
| 505 | 0 | 0 | |t 17_Mise_vyzaduji_marketing (28 min., 37 sek.) |
| 505 | 0 | 0 | |t 18_Zaver_-_Cast_1 (29 min., 3 sek.) |
| 505 | 0 | 0 | |t 19_Zaver_-_Cast_2 (34 min., 25 sek.) |
| 505 | 0 | 0 | |t 20_Zaver_-_Cast_3 (26 min., 39 sek.) |
| 910 | |a RBIT002 | ||
| 998 | |d 421115 |a https://core.palmknihy.cz/api/books/421115/cover?syd3nr |b https://core.palmknihy.cz/api/books/421115/cover/400?syd3nr |c https://core.palmknihy.cz/api/books/421115/cover/50?syd3nr |e 2050-03-28 |i 9788075550460 |l 28920 |q 49 |r 1 |s https://www.palmknihy.cz/kniha/421115 |t audiobook |y 2021 |z 0 | ||
| 999 | |d 313446 | ||